000 01066nam a22003257a 4500
003 CHAP
005 20221024141114.0
008 971013s r 00010 d
010 _a55052
011 _a56024
035 _a60177
040 _cCHAP
090 _aTesis
100 0 0 _aSepúlveda Coria, Gloria.
_9104475
245 _aProyecto para establecer una empresa productora de pulpa de madera para papel en el estado de Michoacán /
_cpor Gloria Sepúlveda Coria
260 _aMéxico, D.F. :
_bEl autor,
_c1966
300 _a122 p.
_b; apénd.
502 _aTesis (Lic. en Economía) -- UNAM. Esc. Nal. de Economía
590 _aALEPH
_b10
_c20130110
590 _aBATCH-UPD
_b10
_c20130110
590 _aBATCH-UPD
_b10
_c20130409
590 _aBATCH-UPD
_b10
_c20130914
590 _aCONVERSION
_b10
_c20130109
650 1 4 _aPapel
_xFabricación y comercio.
_985372
650 1 4 _aProyectos industriales.
_992531
650 1 4 _aPulpa de madera
_xIndustria.
_993005
901 _aBK
942 _cTESIS
_2ddc
949 _bBC
_cTES
_d-129800
_eTS1
_i60177
_si
999 _c55052
_d55052